American Revolution Quiz - Statistics

General Stats
  • This quiz has been taken 539 times
  • The average score is 11 of 24
Answer Stats
Hint Answer % Correct
This battle was fought mostly on Breed's Hill Bunker Hill
81%
Skirmish that started the war Lexington
81%
Battle that followed that skirmish Concord
79%
Country that entered the war on behalf of the colonies France
79%
Final battle of the War Yorktown
79%
Winter Encampment of the Continental Army Valley Forge
76%
Turning point in the war Battle of Saratoga
75%
Event that led to the passage of the Intolerable Acts Boston Tea Party
72%
Document that begins: When in the Course of Human Events... Declaration of Independence
68%
Raid on the Hessian Camp, Christmas Eve 1776 Battle of Trenton
63%
Leader of the Sons Of Liberty who incited that event Sam Adams
55%
Fort captured by Ethan Allen and Benedict Arnold Fort Ticonderoga
54%
General Washington defeated Cornwallis' Army at this New Jersey college town Princeton
43%
Admiral of the British Fleet that captured New York Admiral Lord Howe
27%
"Gentleman" General who surrendered at that battle John Burgoyne
21%
Battle that was followed by a daring night escape across the Hudson Brooklyn Heights
17%
Charles Lee was relieved at this battle Monmouth Courthouse
17%
Great American victory in the South, engineered by General Morgan Battle of Cowpens
16%
Marquis de Lafayette became a hero on the banks of this Pennsylvania creek Brandywine
16%
French Commander in the War Comte de Rochambeau
14%
Ruthless British cavalry commander defeated at that battle. Banastre Tarleton
11%
Famous Doctor who died there Doctor Warren
11%
This South Carolina town was the site of the worst defeat of the Americans Camden
10%
This man led American forces in the Western Theater George Rodgers Clark
4%
No matching quizzes found
Score Distribution
Percent of People with Each Score
Percentile by Number Answered
Your Score History
You have not taken this quiz